|
|
|
|
| LEADER |
01085nam a2200229 a 4500 |
| 008 |
100524s1996 nyua 000 1 eng d |
| 020 |
|
|
|a 9780140623710
|
| 040 |
|
|
|a DLC
|c DLC
|d DLC
|d BD-DhAAL
|
| 082 |
0 |
0 |
|a 843/.7
|2 20
|
| 100 |
1 |
|
|a Hugo, Victor,
|d 1802-1885.
|
| 240 |
1 |
0 |
|a Notre-Dame de Paris.
|l English
|
| 245 |
1 |
4 |
|a The hunchback of Notre Dame /
|c by Victor Hugo.
|
| 260 |
|
|
|a New York :
|b Penguin Books,
|c c1996.
|
| 300 |
|
|
|a 501 p. :
|b ill. ;
|c 18 cm.
|
| 490 |
0 |
|
|a Penguin popular classics
|
| 541 |
1 |
|
|e 00020280
|
| 651 |
|
0 |
|a France
|x History
|y Louis XI, 1461-1483
|x Fiction.
|
| 651 |
|
0 |
|a Paris (France)
|x History
|y To 1515
|x Fiction.
|
| 852 |
4 |
|
|a Ayesha Abed Library
|j General Shelf
|
| 999 |
|
|
|c 8703
|d 8703
|
| 952 |
|
|
|0 0
|1 0
|2 ddc
|4 0
|6 843_700000000000000_HUG_1996
|7 0
|9 10473
|a BRACUL
|b BRACUL
|c GEN
|d 2010-05-24
|l 16
|m 77
|o 843.7 HUG
|p 3010020280
|r 2025-12-27
|s 2025-12-07
|t 1
|w 2010-05-24
|y BK
|
| 952 |
|
|
|0 0
|1 3
|2 ddc
|4 0
|6 843_700000000000000_HUG
|7 0
|9 10504
|a BRACUL
|b BRACUL
|c GEN
|d 2010-05-25
|g 198.00
|l 3
|m 27
|o 843.7 HUG
|p 3010020328
|r 2012-04-17
|s 2012-04-17
|t 2
|w 2010-05-25
|y BK
|x Lost and cost paid BDT-396.00 (ID-15104206)
|